[Event "Najdorf Mem Open A 2016"]
[Site "Warsaw POL"]
[Date "2016.07.09"]
[Round "2.22"]
[White "Lalith, Babu M R"]
[Black "Andre, Gordon"]
[Result "1-0"]
[WhiteTitle "GM"]
[WhiteElo "2565"]
[BlackElo "2254"]
[WhiteFideId "5024595"]
[BlackFideId "4655354"]
[EventDate "2016.07.08"]

1. Nf3 Nf6 2. c4 g6 3. Nc3 d5 4. cxd5 Nxd5 5. Qb3 Nb6 6. d4 Bg7 7. Bf4 O-O 8. e3
Be6 9. Qa3 Nc6 10. Be2 a5 11. Rc1 Nc4 12. Qc5 Nb4 13. Bxc7 Qd7 14. Bxc4 Rfc8 15.
Nb5 b6 16. Bxe6 Nd3+ 17. Kd2 fxe6 18. Qc6 1-0

[Event "Najdorf Mem Open A 2016"]
[Site "Warsaw POL"]
[Date "2016.07.09"]
[Round "2.23"]
[White "Koksal, Ege"]
[Black "Macieja, Bartlomiej"]
[Result "1/2-1/2"]
[WhiteTitle "FM"]
[BlackTitle "GM"]
[WhiteElo "2324"]
[BlackElo "2557"]
[WhiteFideId "6317626"]
[BlackFideId "1104306"]
[EventDate "2016.07.08"]

1. d4 e6 2. c4 b6 3. a3 d5 4. Nc3 Nf6 5. g3 c6 6. Bg2 Be7 7. Nf3 O-O 8. Ne5 Bb7
9. O-O Nbd7 10. Nxd7 Qxd7 11. Qa4 dxc4 12. Qxc4 c5 13. Bxb7 Qxb7 14. dxc5 Rfc8
15. Be3 Bxc5 16. Bxc5 Rxc5 17. Qd4 Nd5 18. Nxd5 Rxd5 19. Qe4 g6 20. Rad1 Rad8
21. Rd3 R8d7 22. Rxd5 Qxd5 23. Qc2 h5 24. h4 g5 25. hxg5 Qxg5 26. Qc1 Qd2 27. e3
Kg7 28. Qc6 Rd5 29. b4 Qd3 30. Qc1 Qd2 31. Qc7 Qd3 32. Qxa7 h4 33. Qc7 Qg6 34.
Qf4 hxg3 35. fxg3 Rf5 36. Qh4 Rh5 37. Qf4 Rf5 38. Qh4 Rh5 1/2-1/2

[Event "Najdorf Mem Open A 2016"]
[Site "Warsaw POL"]
[Date "2016.07.09"]
[Round "2.24"]
[White "Rozentalis, Eduardas"]
[Black "Kenneskog, Theodor"]
[Result "1-0"]
[WhiteTitle "GM"]
[BlackTitle "FM"]
[WhiteElo "2552"]
[BlackElo "2249"]
[WhiteFideId "12800023"]
[BlackFideId "1715011"]
[EventDate "2016.07.08"]

1. e4 c5 2. Nf3 d6 3. Bb5+ Bd7 4. c4 Nc6 5. Nc3 Nf6 6. d4 cxd4 7. Nxd4 g6 8. h3
Bg7 9. Be3 O-O 10. O-O a6 11. Bxc6 bxc6 12. Qd2 a5 13. Rad1 a4 14. Rfe1 Qa5 15.
Nf3 Qh5 16. Qe2 Be6 17. Bd4 Nd7 18. Bxg7 Kxg7 19. b3 axb3 20. axb3 Rfb8 21. Nd4
Qxe2 22. Rxe2 Rb6 23. e5 Nc5 24. exd6 exd6 25. Ne4 Nxe4 26. Nxe6+ fxe6 27. Rxe4
Rd8 28. Rxe6 Rxb3 29. Rdxd6 Rb1+ 30. Kh2 Rxd6 31. Rxd6 Rb6 32. c5 Ra6 33. h4 Kf7
34. g4 Ke7 35. Kg3 Ra3+ 36. f3 Ra6 37. Kf4 Ra5 38. Rxc6 Kd7 39. Rd6+ Ke7 40. Rd5
Ra4+ 41. Ke5 1-0

[Event "Najdorf Mem Open A 2016"]
[Site "Warsaw POL"]
[Date "2016.07.09"]
[Round "2.25"]
[White "Sadzikowski, Daniel"]
[Black "Kowalczyk, Rafal"]
[Result "1-0"]
[WhiteTitle "IM"]
[WhiteElo "2551"]
[BlackElo "2204"]
[WhiteFideId "1132253"]
[BlackFideId "1133853"]
[EventDate "2016.07.08"]

1. c4 e6 2. Nc3 d5 3. d4 Be7 4. Bf4 Nf6 5. e3 b6 6. cxd5 exd5 7. Be2 O-O 8. Rc1
c6 9. Nf3 Bb7 10. h3 Re8 11. O-O Nbd7 12. Bd3 Nf8 13. Qc2 Ng6 14. Bh2 Bd6 15.
Bxd6 Qxd6 16. a3 Qe7 17. Nd2 c5 18. Bxg6 hxg6 19. dxc5 bxc5 20. Na4 c4 21. Nf3
Bc8 22. Nd4 Bd7 23. Nc3 Rab8 24. Rb1 Qd6 25. b4 g5 26. g4 g6 27. Kg2 Kg7 28. Rh1
Rh8 29. f3 Rbe8 30. Qd2 Qe5 31. Rbe1 Rh4 32. f4 Qd6 33. Nf3 Rhh8 34. Qd4 Kg8 35.
Nxg5 Bc6 36. Kg3 Nh7 37. Qxh8+ Kxh8 38. Nxf7+ Kg7 39. Nxd6 Rd8 40. Ndb5 d4 41.
Nxd4 Bxh1 42. Ne6+ 1-0

[Event "Najdorf Mem Open A 2016"]
[Site "Warsaw POL"]
[Date "2016.07.09"]
[Round "2.26"]
[White "Smirin, Ilia"]
[Black "Tomaszewski, Kacper"]
[Result "1-0"]
[WhiteTitle "GM"]
[WhiteElo "2676"]
[BlackElo "2172"]
[WhiteFideId "2801990"]
[BlackFideId "1127373"]
[EventDate "2016.07.08"]

1. e4 c6 2. d4 d5 3. Nd2 dxe4 4. Nxe4 Bf5 5. Ng3 Bg6 6. Nh3 Nf6 7. Nf4 e5 8.
dxe5 Qa5+ 9. c3 Qxe5+ 10. Be2 Nbd7 11. O-O Qd6 12. Re1 Qxd1 13. Bxd1+ Be7 14. h4
h5 15. Nxg6 fxg6 16. Bc2 Kf7 17. Bg5 Bc5 18. b4 Bd6 19. Bb3+ Kf8 20. Ne4 Be7 21.
Rad1 Nb6 22. Nd6 Nbd5 23. Nxb7 Nxc3 24. Rd7 Re8 25. Bxf6 gxf6 26. Nd6 1-0

[Event "Najdorf Mem Open A 2016"]
[Site "Warsaw POL"]
[Date "2016.07.09"]
[Round "2.27"]
[White "Lysyj, Igor"]
[Black "Klenburg, Michael"]
[Result "1/2-1/2"]
[WhiteTitle "GM"]
[BlackTitle "IM"]
[WhiteElo "2663"]
[BlackElo "2370"]
[WhiteFideId "4150120"]
[BlackFideId "14102072"]
[EventDate "2016.07.08"]

1. d4 Nf6 2. Nf3 g6 3. c4 c5 4. d5 b5 5. Qc2 bxc4 6. e4 Bg7 7. Bxc4 d6 8. O-O
O-O 9. Nc3 Nbd7 10. Rd1 Ne8 11. Bf4 Nc7 12. Rab1 Nb6 13. Be2 Bd7 14. b3 a5 15.
a4 Na6 16. Qd2 Nb4 17. Bh6 Bxh6 18. Qxh6 f6 19. Rbc1 Qe8 20. Qe3 Qf7 21. Nb5 Qg7
22. h3 Kh8 23. Nc3 f5 24. exf5 Rxf5 25. Bc4 Raf8 26. Rd2 h6 27. Re1 Rf4 28. Be2
g5 29. Bd1 R8f7 30. Nh2 Rd4 31. Bf3 Bf5 32. Red1 Rxd2 33. Qxd2 Bc2 34. Rc1 Bxb3
35. Nb5 Bxa4 36. Nc7 Bd7 37. Qe2 a4 38. Ne6 Bxe6 39. dxe6 Rf8 40. Qb5 N6d5 41.
Bxd5 Nxd5 42. Qxa4 Nf4 43. Qc4 d5 44. Qc2 c4 45. Rd1 Nd3 46. Rxd3 cxd3 47. Qxd3
Qa1+ 48. Nf1 Qf6 49. Qe2 Rb8 50. Ng3 d4 51. Qe4 Rf8 52. f3 d3 53. Qxd3 Qxe6 54.
Qd4+ Qf6 55. Qg4 Rd8 56. Kh2 Qe5 57. Qf5 Qxf5 58. Nxf5 Rd7 59. Nxh6 Kg7 60. Ng4
Ra7 61. Kg3 Ra2 62. Nf2 Kg6 63. Ne4 Kf5 64. Nc3 Rc2 65. Ne4 Rc4 66. Nf2 Ra4 67.
Nd3 Rd4 68. Nf2 Rd2 69. Ne4 Re2 70. Nf2 Ra2 1/2-1/2

[Event "Najdorf Mem Open A 2016"]
[Site "Warsaw POL"]
[Date "2016.07.09"]
[Round "2.28"]
[White "De Marchi, Olivier"]
[Black "Kamsky, Gata"]
[Result "0-1"]
[WhiteTitle "FM"]
[BlackTitle "GM"]
[WhiteElo "2286"]
[BlackElo "2660"]
[WhiteFideId "613517"]
[BlackFideId "2000024"]
[EventDate "2016.07.08"]

1. d4 Nf6 2. c4 e6 3. g3 Bb4+ 4. Nd2 Nc6 5. Nf3 d5 6. Bg2 O-O 7. Qc2 dxc4 8.
Qxc4 Re8 9. O-O a5 10. a3 Bf8 11. e4 e5 12. d5 Na7 13. Nb1 c6 14. Nc3 b5 15. Qe2
b4 16. axb4 axb4 17. Be3 bxc3 18. Bxa7 cxd5 19. bxc3 Qd7 20. Qe3 d4 21. cxd4
Rxa7 22. Nxe5 Qb7 23. Rab1 Qa6 24. Rfc1 Ng4 25. Nxg4 Bxg4 26. Bf1 Qa3 27. Rc3
Qe7 28. f3 Be6 29. Rbc1 g6 30. Qf2 Ra2 31. R3c2 Rxc2 32. Rxc2 Qb4 33. Qd2 Qa3
34. Rc3 Qa7 35. Rd3 Rb8 36. Kg2 Qa1 37. Qc3 Rb2+ 38. Rd2 Bh3+ 39. Kxh3 Qxf1+ 40.
Kh4 h5 41. Kg5 Rxd2 42. Qxd2 Qxf3 0-1

[Event "Najdorf Mem Open A 2016"]
[Site "Warsaw POL"]
[Date "2016.07.09"]
[Round "2.29"]
[White "Ivanisevic, Ivan"]
[Black "Stoma, Pawel"]
[Result "1-0"]
[WhiteTitle "GM"]
[WhiteElo "2656"]
[BlackElo "2365"]
[WhiteFideId "912417"]
[BlackFideId "1113569"]
[EventDate "2016.07.08"]

1. d4 d5 2. c4 c6 3. Nf3 Nf6 4. Nc3 a6 5. g3 g6 6. cxd5 cxd5 7. Bg2 Bg7 8. Ne5
O-O 9. Bg5 Be6 10. O-O Nbd7 11. Nd3 h6 12. Be3 Nb6 13. Nc5 Bc8 14. b3 Ng4 15.
Bc1 e5 16. e3 Qc7 17. a4 Nf6 18. Ba3 exd4 19. exd4 Bg4 20. Qd2 Rad8 21. a5 Na8
22. N3a4 Rfe8 23. Rac1 Qb8 24. Qb4 Bf8 25. Rfe1 Ne4 26. Bb2 Bd7 27. Bxe4 dxe4
28. d5 1-0

[Event "Najdorf Mem Open A 2016"]
[Site "Warsaw POL"]
[Date "2016.07.09"]
[Round "2.30"]
[White "Oleksiyenko, Mykhaylo"]
[Black "Webersberger, Johann"]
[Result "1-0"]
[WhiteTitle "GM"]
[BlackTitle "FM"]
[WhiteElo "2615"]
[BlackElo "2362"]
[WhiteFideId "4152417"]
[BlackFideId "1611100"]
[EventDate "2016.07.08"]

1. e4 e5 2. Nf3 Nc6 3. Bc4 Bc5 4. O-O Nf6 5. d3 d6 6. c3 a6 7. a4 h6 8. h3 O-O
9. Nbd2 Ba7 10. Re1 Be6 11. Bb3 d5 12. exd5 Nxd5 13. Nxe5 Nf4 14. d4 Nxe5 15.
Rxe5 Nd3 16. Re3 Nxc1 17. Bxe6 fxe6 18. Rxc1 c5 19. dxc5 Bxc5 20. Re2 Qh4 21.
Ne4 Rad8 22. Qb3 1-0

[Event "Najdorf Mem Open A 2016"]
[Site "Warsaw POL"]
[Date "2016.07.09"]
[Round "2.31"]
[White "Lewtak, Damian"]
[Black "Hracek, Zbynek"]
[Result "0-1"]
[BlackTitle "GM"]
[WhiteElo "2363"]
[BlackElo "2605"]
[WhiteFideId "1141724"]
[BlackFideId "300071"]
[EventDate "2016.07.08"]

1. e4 c5 2. Nf3 d6 3. d4 cxd4 4. Nxd4 Nf6 5. Nc3 a6 6. h3 e6 7. g4 Be7 8. Bg2
Nfd7 9. g5 Nc6 10. h4 O-O 11. Be3 Nxd4 12. Bxd4 b5 13. a3 Bb7 14. Qe2 Rc8 15.
O-O-O Qa5 16. Na2 Rc4 17. Rh3 e5 18. Bc3 Qc7 19. Be1 Nc5 20. Rc3 Rxc3 21. Nxc3
Ne6 22. Nd5 Bxd5 23. exd5 Nf4 24. Qe4 f6 25. gxf6 Bxf6 26. h5 Nxh5 27. Bd2 g6
28. Bh3 Nf4 29. Bxf4 exf4 30. Rh1 Kg7 31. Be6 Qc4 32. Qf3 b4 33. axb4 Qxb4 34.
c3 Qa4 35. Kb1 Rb8 36. Qd3 Qb3 37. Qc2 Qxc3 38. Qxc3 Bxc3 39. Kc2 Bd4 0-1

[Event "Najdorf Mem Open A 2016"]
[Site "Warsaw POL"]
[Date "2016.07.09"]
[Round "2.32"]
[White "Socko, Bartosz"]
[Black "Zaksaite, Salomeja"]
[Result "1-0"]
[WhiteTitle "GM"]
[BlackTitle "WIM"]
[WhiteElo "2599"]
[BlackElo "2336"]
[WhiteFideId "1107038"]
[BlackFideId "12801496"]
[EventDate "2016.07.08"]

1. d4 Nf6 2. c4 g6 3. f3 d5 4. cxd5 Nxd5 5. e4 Nb6 6. Nc3 Bg7 7. Be3 O-O 8. Qd2
Nc6 9. O-O-O Qd6 10. Kb1 Rd8 11. Nb5 Qd7 12. d5 Ne5 13. Qc2 Rb8 14. Nxc7 Nec4
15. Bxc4 Qxc7 16. Bb3 Qxc2+ 17. Kxc2 Bd7 18. Ne2 Na4 19. Bd4 Nc5 20. Bxg7 Kxg7
21. Nd4 Rbc8 22. Kd2 e6 23. Ke3 Nxb3 24. Nxb3 exd5 25. Rxd5 Be6 26. Rxd8 Rxd8
27. Nd4 Bxa2 28. b3 Rd6 29. Ra1 Bxb3 30. Nxb3 a6 31. Rb1 b5 32. Rc1 Rb6 33. e5
f6 34. Rc7+ Kg8 35. exf6 Rxf6 36. Nc5 Rb6 37. Ra7 Rc6 38. Kd4 Rd6+ 39. Ke5 Rd2
40. Kf6 1-0

[Event "Najdorf Mem Open A 2016"]
[Site "Warsaw POL"]
[Date "2016.07.09"]
[Round "2.33"]
[White "Zochowski, Kacper"]
[Black "Sengupta, Deep"]
[Result "1/2-1/2"]
[BlackTitle "GM"]
[WhiteElo "2248"]
[BlackElo "2551"]
[WhiteFideId "1125494"]
[BlackFideId "5008352"]
[EventDate "2016.07.08"]

1. e4 e5 2. Nf3 Nc6 3. Bb5 a6 4. Ba4 Nf6 5. Qe2 b5 6. Bb3 Be7 7. c3 d6 8. O-O
O-O 9. Rd1 Bg4 10. h3 Bh5 11. d3 Na5 12. Bc2 c5 13. Nbd2 Nc6 14. Nf1 d5 15. Ng3
Bg6 16. Nh4 Qc7 17. Nhf5 Rfd8 18. Qf3 dxe4 19. dxe4 Rxd1+ 20. Bxd1 Rd8 21. Bg5
Ne8 22. Be3 Na5 23. Bb3 c4 24. Bc2 Nb7 25. Rd1 Bc5 26. h4 Rxd1+ 27. Qxd1 Bxf5
28. Nxf5 g6 29. Nh6+ Kg7 30. Ng4 h5 31. Bxc5 Nxc5 32. Ne3 Nf6 33. f3 Qb6 34. Qd2
Ne6 35. Kf1 Qc5 36. g3 Kh7 37. Ke1 a5 38. a3 Qb6 39. Kf1 Nc5 40. Ke2 Qe6 41. Kf2
a4 42. Kg2 Qc6 43. Kf2 Kg7 44. Kg2 Nfd7 45. Nd5 Qd6 46. Qd1 Nb6 47. Nxb6 Qxb6
48. Qd5 Kf6 49. Kf1 Ne6 50. Qd2 Ke7 51. Kg2 f6 52. Kf1 g5 53. hxg5 fxg5 54. Bd1
Qc5 55. Be2 Qb6 56. Qd5 Qb8 57. Ke1 h4 58. f4 gxf4 59. Bg4 Qb6 60. Bxe6 Qxe6 61.
gxh4 Qf6 62. Kf1 Kf8 63. Qxb5 Qxh4 64. Qc5+ Kf7 65. Qxc4+ Kf6 66. Qd3 Qh1+ 67.
Kf2 Qh2+ 68. Kf1 Kg5 69. Qd7 Qh1+ 70. Kf2 Qxe4 71. Qg7+ Kh5 72. Qh8+ Kg6 73.
Qg8+ Kf6 74. Qf8+ Ke6 75. Qe8+ Kd6 76. Qd8+ Kc5 77. Qa5+ 1/2-1/2

[Event "Najdorf Mem Open A 2016"]
[Site "Warsaw POL"]
[Date "2016.07.09"]
[Round "2.34"]
[White "Kanarek, Marcel"]
[Black "Martin, Julian"]
[Result "1-0"]
[WhiteTitle "IM"]
[WhiteElo "2548"]
[BlackElo "2280"]
[WhiteFideId "1126822"]
[BlackFideId "12941000"]
[EventDate "2016.07.08"]

1. e4 c5 2. Nf3 Nc6 3. d4 cxd4 4. Nxd4 e5 5. Nb5 d6 6. N1c3 a6 7. Na3 b5 8. Nd5
Nge7 9. c4 Nxd5 10. exd5 Nd4 11. cxb5 Be7 12. Bd3 O-O 13. O-O f5 14. bxa6 e4 15.
Bc4 Bf6 16. Be3 Nf3+ 17. gxf3 Bxb2 18. Qb3 f4 19. Qxb2 exf3 20. Kh1 Bh3 21. Rg1
Bg2+ 22. Rxg2 fxg2+ 23. Kxg2 fxe3 24. fxe3 Qh4 25. Kg1 Rf6 26. Bd3 Qg5+ 27. Kh1
Qxe3 28. Qe2 Qc5 29. Nc2 Raf8 30. Rg1 g6 31. Qe4 Kh8 32. Qd4 Qa5 33. Ne3 1-0

[Event "Najdorf Mem Open A 2016"]
[Site "Warsaw POL"]
[Date "2016.07.09"]
[Round "2.35"]
[White "Gumularz, Szymon"]
[Black "Aryan, Chopra"]
[Result "0-1"]
[BlackTitle "IM"]
[WhiteElo "2267"]
[BlackElo "2483"]
[WhiteFideId "1188062"]
[BlackFideId "5084423"]
[EventDate "2016.07.08"]

1. Nf3 d5 2. g3 c6 3. Bg2 Bg4 4. O-O Nf6 5. d3 Nbd7 6. Nbd2 e5 7. e4 dxe4 8.
dxe4 Bc5 9. h3 Bh5 10. Qe1 O-O 11. Nc4 Re8 12. a4 b5 13. Na5 Qc7 14. b4 Bb6 15.
Nb3 a6 16. Bb2 Rab8 17. Nh4 c5 18. bxc5 Nxc5 19. axb5 axb5 20. Qb4 Na4 21. Ba3
Qxc2 22. Rac1 Qd3 23. Nf5 Bf3 24. Rfe1 Bxg2 25. Kxg2 Nd5 26. exd5 Qxf5 27. f3 e4
28. Rxe4 Qxd5 29. Rce1 Rxe4 30. Rxe4 h6 31. h4 Rc8 32. Re2 Qd1 33. Qxb5 Qg1+ 34.
Kh3 h5 35. Qxa4 Bf2 36. Rxf2 Qxf2 37. Nd4 Qg1 38. g4 hxg4+ 39. fxg4 Rc3+ 0-1

[Event "Najdorf Mem Open A 2016"]
[Site "Warsaw POL"]
[Date "2016.07.09"]
[Round "2.36"]
[White "Esserman, Marc"]
[Black "Bartel, Marta"]
[Result "1/2-1/2"]
[WhiteTitle "IM"]
[BlackTitle "WGM"]
[WhiteElo "2474"]
[BlackElo "2260"]
[WhiteFideId "2018616"]
[BlackFideId "1123009"]
[EventDate "2016.07.08"]

1. e4 c5 2. d4 cxd4 3. c3 dxc3 4. Nxc3 e6 5. Nf3 a6 6. Bc4 b5 7. Bb3 Bb7 8. O-O
d6 9. Ng5 Be7 10. f4 Bxg5 11. fxg5 Ne7 12. Bf4 O-O 13. Qxd6 Nbc6 14. Qc5 Qd4+
15. Be3 Qxc5 16. Bxc5 Rfd8 17. Rad1 Ng6 18. Bb6 Rxd1 19. Rxd1 Nge5 20. a3 Kf8
21. h3 Ke8 22. Ba2 Rc8 23. Kf1 Nd7 24. Be3 Nde5 25. Bb6 Nd7 26. Be3 Nde5 27. Bb6 1/2-1/2

[Event "Najdorf Mem Open A 2016"]
[Site "Warsaw POL"]
[Date "2016.07.09"]
[Round "2.37"]
[White "Chomczyk, Marek"]
[Black "Feuerstack, Aljoscha"]
[Result "1/2-1/2"]
[BlackTitle "IM"]
[WhiteElo "2167"]
[BlackElo "2454"]
[WhiteFideId "1125826"]
[BlackFideId "4681932"]
[EventDate "2016.07.08"]

1. e4 c6 2. d4 d5 3. exd5 cxd5 4. Bd3 Nc6 5. c3 Nf6 6. Bf4 Bg4 7. Qb3 Qc8 8. Nd2
e6 9. Ngf3 Be7 10. O-O Bh5 11. Ne5 Nxe5 12. Bxe5 O-O 13. f4 Nd7 14. f5 Nxe5 15.
dxe5 exf5 16. Bxf5 Qc5+ 17. Kh1 Be2 18. Rfe1 Bb5 19. a4 Ba6 20. Qc2 g6 21. Bd3
Bxd3 22. Qxd3 Rfe8 23. Nb3 Qc7 24. Qxd5 Rad8 25. Qf3 Bf8 26. Nd4 Rxe5 27. Rxe5
Qxe5 28. Qxb7 Rb8 29. Qxa7 Rxb2 30. Rf1 Rf2 31. Kg1 Rxf1+ 32. Kxf1 Bc5 33. Qd7
Bb6 34. g3 Qe3 35. Qb5 Ba7 36. Qc4 Qe4 37. Kf2 Qc2+ 38. Kg1 Qd1+ 39. Kg2 Qd2+
40. Kh3 Qh6+ 41. Kg2 Qd2+ 42. Ne2 Qe3 43. Nd4 1/2-1/2

[Event "Najdorf Mem Open A 2016"]
[Site "Warsaw POL"]
[Date "2016.07.09"]
[Round "2.38"]
[White "Yankelevich, Lev"]
[Black "Nebolsina, Vera"]
[Result "1-0"]
[BlackTitle "WGM"]
[WhiteElo "2415"]
[BlackElo "2226"]
[WhiteFideId "24684074"]
[BlackFideId "4163591"]
[EventDate "2016.07.08"]

1. d4 Nf6 2. c4 c5 3. d5 b5 4. cxb5 a6 5. bxa6 g6 6. Nc3 Bg7 7. e4 O-O 8. Be2
Bxa6 9. e5 Ne8 10. Nf3 f6 11. exf6 Nxf6 12. O-O Bxe2 13. Qxe2 Na6 14. Qc4 Qb8
15. a3 Nh5 16. Re1 Nb4 17. Rb1 Nc2 18. Rxe7 Rxf3 19. gxf3 Nd4 20. d6+ Kh8 21.
Qd5 Nf6 22. Qf7 Nf5 23. Bh6 Bxh6 24. Qxf6+ Bg7 25. Rxg7 Nxg7 26. Re1 Qg8 27. Re7
Rf8 28. Qe5 Rf5 29. Qe4 Ne6 30. Rxd7 Ng5 31. Qe7 1-0

[Event "Najdorf Mem Open A 2016"]
[Site "Warsaw POL"]
[Date "2016.07.09"]
[Round "2.39"]
[White "Zaninotto, Franco"]
[Black "Arat, Ufuk Sezen"]
[Result "1-0"]
[WhiteTitle "FM"]
[BlackTitle "IM"]
[WhiteElo "2127"]
[BlackElo "2402"]
[WhiteFideId "800406"]
[BlackFideId "6309089"]
[EventDate "2016.07.08"]

1. e4 g6 2. d4 Bg7 3. Nf3 d6 4. c3 Nd7 5. Bd3 e5 6. O-O Ngf6 7. Re1 O-O 8. a4 a5
9. Na3 b6 10. Bb5 Bb7 11. d5 h6 12. b4 Nh7 13. Bc6 Bxc6 14. dxc6 Ndf6 15. Nc4
Qe8 16. b5 Qe6 17. Ne3 Rac8 18. Qd3 Nh5 19. Nd5 N7f6 20. c4 Nxd5 21. Qxd5 Qe7
22. Be3 Kh7 23. Nd2 f5 24. f3 f4 25. Bf2 g5 26. h3 Nf6 27. Qd3 h5 28. Kf1 Qe6
29. Ke2 Bh6 30. Nb1 g4 31. hxg4 hxg4 32. Rh1 Kg6 33. Nc3 Nh7 34. Nd5 g3 35. Bxb6
cxb6 36. Nxb6 Bg5 37. Qd5 Qe7 38. Nxc8 Rxc8 39. Rad1 Qa7 40. Qe6+ Kg7 41. b6
Qxb6 42. Qd7+ Kf8 43. Qxc8+ Bd8 44. c5 Qxc5 45. Qxd8+ Kg7 46. Qe7+ 1-0

[Event "Najdorf Mem Open A 2016"]
[Site "Warsaw POL"]
[Date "2016.07.09"]
[Round "2.40"]
[White "Tania, Sachdev"]
[Black "Karpus, Michal"]
[Result "1/2-1/2"]
[WhiteTitle "IM"]
[BlackTitle "FM"]
[WhiteElo "2398"]
[BlackElo "2179"]
[WhiteFideId "5007844"]
[BlackFideId "1174088"]
[EventDate "2016.07.08"]

1. d4 Nf6 2. c4 g6 3. Nc3 d5 4. Nf3 Bg7 5. Bf4 O-O 6. e3 c5 7. dxc5 Qa5 8. Rc1
dxc4 9. Bxc4 Qxc5 10. Bb3 Qa5 11. O-O Nc6 12. h3 Bf5 13. Qe2 Ne4 14. Nd5 e5 15.
Bh2 Be6 16. Rfd1 Rfd8 17. Qc4 Nf6 18. e4 Rac8 19. Ng5 Nd4 20. Ne7+ Kf8 21. Nxe6+
Kxe7 22. Nc5 Ne6 23. Nxb7 Qb6 24. Nxd8 Rxc4 25. Rxc4 Nxd8 26. Bxe5 Ne8 27. Bg3
Ne6 28. e5 N8c7 29. Ba4 Nb5 30. Rd5 a6 31. Bxb5 axb5 32. Rb4 Nc7 33. Bh4+ f6 34.
Rd6 Qc5 35. exf6+ Bxf6 36. Rxf6 g5 37. Rff4 gxh4 38. Rbe4+ Ne6 39. Re1 Kd8 40.
Rfe4 Nc7 41. Rxh4 Qc2 42. b4 Qxa2 43. Rd1+ Kc8 44. Rxh7 Qc2 45. Rhd7 Ne6 46. h4
Nf4 47. Rd8+ Kc7 48. R1d7+ Kb6 49. Rb8+ Ka6 50. Ra8+ Kb6 51. Rb8+ Ka6 52. Ra8+
Kb6 53. Rb8+ 1/2-1/2

[Event "Najdorf Mem Open A 2016"]
[Site "Warsaw POL"]
[Date "2016.07.09"]
[Round "2.41"]
[White "Lomasov, Semen"]
[Black "Zlatin, Alexander"]
[Result "1-0"]
[WhiteTitle "FM"]
[WhiteElo "2395"]
[BlackElo "2146"]
[WhiteFideId "24164879"]
[BlackFideId "2810549"]
[EventDate "2016.07.08"]

1. e4 e5 2. Nf3 Nf6 3. Nxe5 d6 4. Nf3 Nxe4 5. Nc3 Nxc3 6. dxc3 Be7 7. Be3 Nd7 8.
Qd2 Bf6 9. O-O-O Ne5 10. Nd4 Bd7 11. f4 Nc6 12. Be2 Nxd4 13. cxd4 d5 14. g4 c6
15. f5 Qb6 16. Bg5 Qd8 17. Bf4 h6 18. h4 Bxh4 19. Rdg1 Qf6 20. Qe3+ Kd8 21. g5
hxg5 22. Rxh4 Re8 23. Qxe8+ Kxe8 24. Bxg5 1-0

[Event "Najdorf Mem Open A 2016"]
[Site "Warsaw POL"]
[Date "2016.07.09"]
[Round "2.42"]
[White "Bus, Konrad"]
[Black "Krysztofiak, Marcin"]
[Result "1/2-1/2"]
[BlackTitle "IM"]
[WhiteElo "2216"]
[BlackElo "2384"]
[WhiteFideId "1148362"]
[BlackFideId "1114751"]
[EventDate "2016.07.08"]

1. c4 Nf6 2. Nc3 e5 3. Nf3 Nc6 4. a3 g6 5. e3 Bg7 6. Be2 O-O 7. Qc2 d5 8. cxd5
Nxd5 9. O-O b6 10. d3 Bb7 11. Bd2 Kh8 12. Rac1 f5 13. Rfd1 Nf6 14. b4 a6 15. b5
axb5 16. Nxb5 Qe7 17. Bc3 Nd5 18. Bb2 g5 19. d4 e4 20. Nd2 Rad8 21. a4 Ncb4 22.
Qb3 f4 23. Ba3 c5 24. dxc5 bxc5 25. Bb2 fxe3 26. fxe3 Nd3 27. Bxg7+ Kxg7 28.
Bxd3 exd3 29. e4 Ne3 30. Re1 Qf6 31. Qc3 Rd4 32. Rf1 Nxf1 33. Rxf1 Qxf1+ 34.
Nxf1 Rxf1+ 35. Kxf1 d2 36. Qxd4+ cxd4 37. Ke2 Bxe4 38. Kxd2 Bxg2 39. Nxd4 Kf6
40. Ke3 h5 41. a5 Bb7 42. Nb3 1/2-1/2

[Event "Najdorf Mem Open A 2016"]
[Site "Warsaw POL"]
[Date "2016.07.09"]
[Round "2.43"]
[White "Golubov, Saveliy"]
[Black "Rey, Fabrice"]
[Result "1-0"]
[WhiteTitle "IM"]
[WhiteElo "2497"]
[BlackElo "2128"]
[WhiteFideId "24176729"]
[BlackFideId "606820"]
[EventDate "2016.07.08"]

1. Nf3 c5 2. g3 Nc6 3. Bg2 g6 4. O-O Bg7 5. e4 d6 6. d3 Nf6 7. Re1 O-O 8. Nbd2
Qc7 9. c3 b6 10. a3 Bb7 11. d4 e6 12. Nf1 cxd4 13. cxd4 Na5 14. N3d2 Rac8 15.
Ne3 Nd7 16. d5 exd5 17. exd5 Nc5 18. Bf1 Ba6 19. Bxa6 Nxa6 20. Rb1 b5 21. b4 Nc4
22. Nexc4 bxc4 23. Ne4 Be5 24. Bh6 Rfe8 25. Qa4 Re7 26. Qxa6 c3 27. Nxc3 Qxc3
28. Rec1 1-0

[Event "Najdorf Mem Open A 2016"]
[Site "Warsaw POL"]
[Date "2016.07.09"]
[Round "2.44"]
[White "Paszewski, Mateusz"]
[Black "Bok, Benjamin"]
[Result "0-1"]
[BlackTitle "GM"]
[WhiteElo "2270"]
[BlackElo "2613"]
[WhiteFideId "1141058"]
[BlackFideId "1017063"]
[EventDate "2016.07.08"]

1. d4 Nf6 2. c4 e6 3. Nc3 Bb4 4. Qc2 b6 5. e4 c5 6. d5 Qe7 7. Ne2 exd5 8. exd5
O-O 9. Bg5 h6 10. Bh4 d6 11. O-O-O Re8 12. h3 Nbd7 13. Ng3 Bxc3 14. bxc3 Ne5 15.
Nf5 Bxf5 16. Qxf5 Qd7 17. Qc2 Nh7 18. Bg3 a6 19. f4 Ng6 20. Bd3 b5 21. Rde1 Nf6
22. Bh2 bxc4 23. Bxc4 Ne7 24. g4 Nfxd5 25. g5 Nb6 26. Bd3 c4 27. Be4 d5 28. Bf3
hxg5 29. fxg5 Ng6 30. Bg4 Qb5 31. Qb2 Na4 32. Qxb5 axb5 33. Rxe8+ Rxe8 34. Kd2
Nc5 35. Bf3 Nh4 36. Bg4 Ne4+ 37. Kc2 Nf2 38. Rg1 Nxg4 39. Rxg4 Nf3 40. Bg3 Re2+
41. Kb1 Nd2+ 42. Ka1 Ne4 43. Be5 Nf2 44. Rg2 Re1+ 45. Kb2 Nd3+ 0-1

[Event "Najdorf Mem Open A 2016"]
[Site "Warsaw POL"]
[Date "2016.07.09"]
[Round "2.45"]
[White "Warakomski, Tomasz"]
[Black "Thorarinsson, Pall A."]
[Result "1-0"]
[WhiteTitle "IM"]
[WhiteElo "2492"]
[BlackElo "2274"]
[WhiteFideId "1124552"]
[BlackFideId "2300923"]
[EventDate "2016.07.08"]

1. e4 d6 2. d4 Nf6 3. Nc3 c6 4. f4 Qa5 5. Bd3 e5 6. Nf3 Bg4 7. Be3 Qb6 8. Qd2
exf4 9. Bf2 Qxb2 10. Rb1 Qa3 11. Rxb7 Nbd7 12. O-O Be7 13. e5 dxe5 14. Nxe5 Nxe5
15. dxe5 Nd7 16. Qxf4 Be6 17. Ne4 O-O 18. Rxd7 Bxd7 19. Nf6+ Bxf6 20. exf6 Rfe8
21. fxg7 Qe7 22. Qh6 f5 23. Bc4+ Be6 24. Re1 1-0